Music Quiz

Random Music or Album Quiz

Frank Zappa Band Members Quiz Stats

 Plays Quiz not verified by Sporcle

Challenge
Share
Tweet
Embed
Score 0/25 Timer 10:00
0 Plays Today
Instrument(s) Musician % Correct
Drums, Trumpet, VocalsJimmy Carl Black
90.8%
Bass, VocalsRoy Estrada
85.3%
Woodwinds, Keyboards, Synthesizer, Guitar, VocalsIan Underwood
84.4%
Percussions, SynthesizerRuth Underwood
83.5%
Drums, VocalsTerry Bozzio
78%
TromboneBruce Fowler
76.1%
Guitar, VocalsSteve Vai
76.1%
Guitar, Effects, VocalsIke Willis
73.4%
Keyboards, VocalsDon Preston
70.6%
Saxophone, Flute, VocalsNapoleon Murphy Brock
67.9%
Percussions, VocalsEd Mann
63.3%
Guitar, VocalsRay White
63.3%
Trombone, Keyboards, VocalsGeorge Duke
62.4%
Instrument(s) Musician % Correct
WoodwindsBunk Gardner
60.6%
Harmonica, Saxophone, VocalsDon Van Vliet
60.6%
Keyboards, Saxophone, VocalsBobby Martin
59.6%
Tambourine, Harmonica, VocalsRay Collins
58.7%
Drums, PercussionChad Wackerman
58.7%
Keyboards, VocalsTommy Mars
55%
Bass, Keyboards, VocalsScott Thunes
55%
Violin, Organ, VocalsDon 'Sugarcane' Harris
54.1%
Bass, Organ, Keyboards, Guitar, Synth, VocalsArthur Barrow
47.7%
Saxophone, Percussions, VocalsJim Sherwood
42.2%
Brass, VocalsJose Salvador Marquez
10.1%
BrassKenneth Shroyer
5.5%

You're not logged in!

Compare scores with friends on all Sporcle quizzes.
OR
Log In

You Might Also Like...

Show Comments

Extras

Top Quizzes Today


Score Distribution

Your Account Isn't Verified!

In order to create a playlist on Sporcle, you need to verify the email address you used during registration. Go to your Sporcle Settings to finish the process.

Report this User

Report this user for behavior that violates our Community Guidelines.

Details: